| 000 | 00505nam a2200145Ia 4500 | ||
|---|---|---|---|
| 008 | 180901s9999 xx 000 0 und d | ||
| 020 | _a9780702031700 | ||
| 100 | _aChudleigh,Trish. | ||
| 245 |
_cTrish Chudleigh, Alison Smith, Sonia Cumming.-- _aObstetric and Gynaecological ultrasound : _bhow, why and when / |
||
| 250 | _a4th ed | ||
| 260 |
_aUSA : _bElesevier Ltd. _c2017 |
||
| 300 | _axv, 496 pages. | ||
| 650 | _aGenerative organs, Female--Ultrasonic imaging. | ||
| 650 | _aUltrasonics in obstetrics. | ||
| 999 |
_c358482 _d358482 |
||